00311nam a2200097Ia 4500008004100000082001600041100001800057245007500075260004900150300001400199220610s9999 xx 000 0 und d a891.46bDES aDesai Mahadev aAn Autobiography OR The Story of my experiments wityh truth M K Gandhi aAhmedabadbNavajivan Publlishing Housec2008 a464 PbPB